[Event "Ch Latvia"]
[Site "Riga (Latvia)"]
[Date "2021.09.18"]
[Round "2.12"]
[White "Sokolovskis Pavels (LAT)"]
[Black "Melderis Uldis (LAT)"]
[Result "1-0"]
[WhiteElo "1568"]
[BlackElo "1877"]
[Annotator ""]
[Source ""]
[Remark ""]

1.d4 Nf6 2.Nf3 c5 3.c3 cxd4 4.cxd4 g6 5.Bf4 Bg7 6.e3 O-O 7.Nc3
d6 8.Bd3 Qb6 9.Qe2 Bg4 10.Rb1 Nbd7 11.Bg3 e5 12.dxe5 Nxe5 13.O-O
Rfe8 14.Bb5 Rec8 15.h3 Nxf3+ 16.gxf3 Bxh3 17.Rfd1 d5 18.Nxd5
Nxd5 19.Rxd5 a6 20.Bd7 Be6 21.Rd6 Qc5 22.Bxc8 Rxc8 23.Rbd1 Bf6
24.e4 h5 25.e5 Bg5 26.R6d4 Qa5 27.Bh4 Bxh4 28.Rxh4 Qxa2 29.Rhd4
Qa5 30.Qe3 Qc7 31.Qg5 Kh7 32.Rd8 Qc2 33.Kg2 Qf5 34.Qxf5 Bxf5
35.Rxc8 Bxc8 36.Kg3 Be6 37.f4 Kg7 38.Rc1 Kf8 39.Rc7 Bd5 40.Kh4
Ke8 41.f5 gxf5 42.Rc5 Be4 43.Kxh5 Kd7 44.Kg5 Ke6 45.f4 Bc6 46.Rc2
Be4 47.Rh2 Bd3 48.Rh6+ Ke7 49.Rb6 Be4 50.b4 Kd7 51.Kf6 Ke8 52.Rd6
Bc2 53.Rd2 Be4 54.Rh2 b6 55.Rh8+ Kd7 56.Kxf7 Bd5+ 57.Kf6 a5 58.bxa5
bxa5 59.Kxf5 a4 60.Kf6 a3 1-0

[Event "Ch Latvia"]
[Site "Riga (Latvia)"]
[Date "2021.09.18"]
[Round "2.13"]
[White "Alainis Artis (LAT)"]
[Black "Zajakins Artjoms (LAT)"]
[Result "0-1"]
[WhiteElo "1841"]
[BlackElo "1477"]
[Annotator ""]
[Source ""]
[Remark ""]

1.e4 e6 2.d3 c5 3.Nf3 Nc6 4.g3 d5 5.Nbd2 Nf6 6.Bg2 Be7 7.O-O
O-O 8.Re1 b6 9.e5 Nd7 10.Nf1 Qc7 11.Bf4 Bb7 12.h4 Rfd8 13.h5
Nf8 14.N1h2 Qd7 15.Ng4 Qe8 16.c3 Kh8 17.a3 f5 18.exf6 gxf6 19.h6
Qh5 20.Ngh2 e5 21.Bd2 Bc8 22.Qa4 Bd7 23.Qc2 Rac8 24.Nh4 Be6 25.Qa4
Qf7 26.b4 Ng6 27.N4f3 Bf8 28.Bf1 Qd7 29.b5 Nce7 30.Nh4 d4 31.N2f3
Rc7 32.c4 Nxh4 33.Nxh4 Nf5 34.Nxf5 Bxf5 35.Qd1 Qf7 36.Be2 Bd6
37.Bh5 Bg6 38.Bxg6 Qxg6 39.Qf3 Rg8 40.Kg2 Re7 41.Rg1 f5 42.Kf1
e4 43.Qe2 f4 44.dxe4 Rxe4 45.Qf3 fxg3 46.Rxg3 Bxg3 47.fxg3 Rge8
48.Bf4 Qf5 49.Kg2 Re2+ 50.Kg1 Qe4 51.Rf1 Re1 52.Qg4 Rxf1+ 53.Kxf1
Qe1+ 54.Kg2 Qe2+ 55.Qxe2 Rxe2+ 56.Kf3 d3 57.g4 Kg8 58.g5 Kf7
59.Bb8 Re7 60.Bf4 Kg6 61.Bc1 Re2 62.Bf4 Rc2 63.Ke3 Rxc4 64.Be5
Kxg5 65.Kxd3 Rh4 66.Bb8 Rh3+ 67.Kc4 Rxa3 68.Be5 Kxh6 69.Bb2 Rf3
70.Be5 Kg6 71.Bb8 Rf7 72.Kb3 h5 73.Bg3 Kg5 74.Bh2 h4 75.Ka3 h3
76.Bg3 Kg4 77.Bh2 Kf3 78.Kb3 Kg2 79.Bb8 h2 80.Bxh2 Kxh2 81.Ka3
Rf4 0-1

[Event "Ch Latvia"]
[Site "Riga (Latvia)"]
[Date "2021.09.18"]
[Round "2.14"]
[White "Valdats Reinis (LAT)"]
[Black "Milovs Daniels (LAT)"]
[Result "0-1"]
[WhiteElo "1440"]
[BlackElo "1814"]
[Annotator ""]
[Source ""]
[Remark ""]

1.e4 e6 2.d4 d5 3.e5 c5 4.c3 Nc6 5.Nf3 Qb6 6.Bd3 cxd4 7.cxd4
Bd7 8.O-O Nxd4 9.Nbd2 Nxf3+ 10.Nxf3 Ne7 11.Be3 Qd8 12.Ng5 Nc6
13.f4 g6 14.Qg4 Be7 15.Rf3 Bxg5 16.fxg5 Nxe5 17.Qf4 Nxf3+ 18.Qxf3
O-O 19.Rf1 e5 20.Qf2 d4 21.Bd2 Qe7 22.a3 a5 23.Be4 Be6 24.Bd3
Bd5 25.Re1 Qd6 26.b4 b6 27.h4 Rfe8 28.Bb5 Bc6 29.Bc4 Re7 30.h5
b5 31.Ba2 Bd5 32.Bxd5 Qxd5 33.h6 Re6 34.bxa5 e4 35.Rd1 e3 36.Bxe3
dxe3 0-1

[Event "Ch Latvia"]
[Site "Riga (Latvia)"]
[Date "2021.09.18"]
[Round "2.15"]
[White "Alipovs Anatolijs (LAT)"]
[Black "Aleidzans Vadims (LAT)"]
[Result "1-0"]
[WhiteElo "1796"]
[BlackElo "1433"]
[Annotator ""]
[Source ""]
[Remark ""]

1.e4 e5 2.Nf3 Nc6 3.Bc4 Nf6 4.Ng5 d5 5.exd5 Na5 6.Bb5+ c6 7.dxc6
bxc6 8.Be2 h6 9.Nf3 e4 10.Ne5 Bd6 11.d4 exd3 12.Nxd3 O-O 13.O-O
Qc7 14.g3 c5 15.Nc3 Bb7 16.Bf3 Rad8 17.Nb5 Qb6 18.Nxd6 Rxd6 19.Be3
Nc4 20.Bxc5 Nxb2 21.Qb1 Nxd3 22.Bxb6 Bxf3 23.Bxa7 Ne4 24.cxd3
Nc3 25.Re1 Nxb1 26.Bc5 Re6 27.Rxe6 fxe6 28.Bxf8 Nc3 29.Bc5 Kf7
30.a4 Ke8 31.h3 Kd7 32.Kh2 g6 33.a5 Kc6 34.Be3 Ne2 35.a6 Kd7
36.a7 Ba8 37.Ra3 e5 38.Rb3 1-0

[Event "Ch Latvia"]
[Site "Riga (Latvia)"]
[Date "2021.09.18"]
[Round "2.16"]
[White "Savicevs Arsenijs (LAT)"]
[Black "Stinka Gustavs (LAT)"]
[Result "1-0"]
[WhiteElo "1708"]
[BlackElo "1024"]
[Annotator ""]
[Source ""]
[Remark ""]

1.Nf3 d5 2.g3 Nf6 3.Bg2 Nc6 4.d4 Bf5 5.b3 e6 6.O-O Be7 7.Bb2
O-O 8.c4 b6 9.Nbd2 Rb8 10.Rc1 Ne4 11.cxd5 Qxd5 12.Nc4 Bf6 13.Nfd2
Bxd4 14.Bxd4 Qxd4 15.Nxe4 Bxe4 16.Qxd4 Nxd4 17.Bxe4 Nxe2+ 18.Kg2
Nxc1 19.Rxc1 c5 20.Ne5 Rbd8 21.Nc6 Rd2 22.a4 a5 23.Rc3 f5 24.Bd3
Kf7 25.Ne5+ Ke7 26.Bb5 Rd5 27.f4 Rd6 28.Nc4 Rd1 29.Nxb6 Rfd8
30.Rxc5 R8d2+ 31.Kf3 Rb1 32.Rc7+ Kf6 33.Nd7+ Kg6 34.Ne5+ Kh6
35.Bc4 Rxh2 36.g4 Rbh1 37.g5+ Kh5 38.Be2 Kh4 39.Ke3 Rh3+ 40.Nf3+
Kg4 41.Kf2 g6 42.Rc4 Rg3 43.Rc3 Rhh3 44.Rd3 Rxf3+ 45.Rxf3 Rh2+
46.Ke3 Kh4 47.Rf2 Rh1 48.Rf1 Rh2 49.Rb1 Rh3+ 50.Bf3 e5 51.Rh1
e4 52.Rxh3+ Kxh3 53.Be2 Kg3 54.Bc4 Kg4 55.Bg8 h5 56.gxh6 g5 57.fxg5
f4+ 58.Kxe4 f3 59.h7 f2 60.Bc4 Kxg5 61.h8Q f1Q 62.Bxf1 Kg6 63.Ke5
Kf7 64.Qf6+ Kg8 65.Bc4+ Kh7 66.Qg5 Kh8 67.Qg8# 1-0

[Event "Ch Latvia"]
[Site "Riga (Latvia)"]
[Date "2021.09.18"]
[Round "3.1"]
[White "Batashevs Arsens (LAT)"]
[Black "Starostits Ilmars (LAT)"]
[Result "1-0"]
[WhiteElo "2167"]
[BlackElo "2428"]
[Annotator ""]
[Source ""]
[Remark ""]

1.Nf3 g6 2.e4 c5 3.g3 Nc6 4.Bg2 Bg7 5.O-O e5 6.Nc3 Nge7 7.d3
d6 8.Be3 O-O 9.Qd2 Nd4 10.Nh4 Be6 11.f4 exf4 12.Bxf4 d5 13.Rae1
Rc8 14.Bg5 f6 15.Bh6 Bxh6 16.Qxh6 Nxc2 17.Rc1 Nd4 18.exd5 Nef5
19.Nxf5 Bxf5 20.Be4 Qd7 21.Rce1 Bh3 22.Rf4 Rce8 23.Ne2 Nxe2+
24.Rxe2 Bg4 25.Ref2 f5 26.h3 Bd1 27.g4 Kh8 28.gxf5 g5 29.Rg4
Bxg4 30.hxg4 Qg7 31.Qd6 Qe7 32.Qxe7 Rxe7 33.Rc2 b6 34.a3 a5 35.Kf2
Kg7 36.Ke3 h5 37.gxh5 Kh6 38.b4 cxb4 39.axb4 a4 40.Rc6+ Kxh5
41.Rxb6 Ra7 42.Rc6 a3 43.Rc1 Kh6 44.Ra1 a2 45.d6 Rf6 46.d7 Rxd7
47.Rxa2 Re7 48.Kf3 Rb6 49.Kg4 Re5 50.Ra7 Rxb4 51.Ra6+ Kg7 52.Kxg5
Rc5 53.Ra7+ Kf8 54.Kg6 Re5 55.Rh7 Rb1 56.Rh8+ Ke7 57.f6+ Kd7
58.Bf5+ Kd6 59.f7 Rxf5 60.Kxf5 Rf1+ 61.Kg6 Rg1+ 62.Kf6 Rf1+ 63.Kg7
Rg1+ 64.Kf8 Kd7 65.Rh4 Ra1 66.Re4 Kd6 67.Rg4 1-0

[Event "Ch Latvia"]
[Site "Riga (Latvia)"]
[Date "2021.09.18"]
[Round "3.2"]
[White "Berzinsh Roland (LAT)"]
[Black "Kretainis Kristaps (LAT)"]
[Result "1-0"]
[WhiteElo "2364"]
[BlackElo "2249"]
[Annotator ""]
[Source ""]
[Remark ""]

1.e4 e5 2.Nf3 Nc6 3.Bc4 Be7 4.O-O Nf6 5.d3 O-O 6.Re1 d6 7.a4
a6 8.h3 Be6 9.Nbd2 Qd7 10.c3 Bxc4 11.Nxc4 b5 12.Ne3 d5 13.exd5
Nxd5 14.Ng4 f6 15.d4 exd4 16.Nxd4 Nxd4 17.Qxd4 c6 18.Ne3 Rfd8
19.axb5 Nc7 20.Qxd7 Rxd7 21.bxc6 Rdd8 22.Nf5 Bf8 23.Bf4 Nd5 24.Bg3
Rdc8 25.Rad1 Nb6 26.c7 Nc4 27.Ne7+ Bxe7 28.Rxe7 1-0

[Event "Ch Latvia"]
[Site "Riga (Latvia)"]
[Date "2021.09.18"]
[Round "3.3"]
[White "Tolmacevs Artjoms (LAT)"]
[Black "Stepins Edgars (LAT)"]
[Result "1-0"]
[WhiteElo "2090"]
[BlackElo "2263"]
[Annotator ""]
[Source ""]
[Remark ""]

1.e4 e5 2.Nf3 Nc6 3.d4 exd4 4.Nxd4 Bc5 5.Nb3 Bb6 6.Nc3 d6 7.Qe2
Nge7 8.Be3 Be6 9.O-O-O Qd7 10.g3 Ne5 11.Bg2 O-O 12.h3 Bxe3+ 13.Qxe3
a5 14.f4 N5c6 15.f5 Bxb3 16.cxb3 f6 17.Bf1 Ne5 18.g4 Kh8 19.Be2
c6 20.g5 b5 21.Rhg1 a4 22.gxf6 Rxf6 23.Qg3 Nxf5 24.exf5 axb3
25.Qxe5 bxa2 26.Kc2 Re8 27.Rxg7 Qd8 28.Rd7 Rxe5 29.Rxd8+ Kg7
30.Rd7+ Kf8 31.Bd3 Rh6 32.Nxa2 1-0

[Event "Ch Latvia"]
[Site "Riga (Latvia)"]
[Date "2021.09.18"]
[Round "3.4"]
[White "Jankovskis Guntis (LAT)"]
[Black "Strods Kristaps Reinis (LAT)"]
[Result "1-0"]
[WhiteElo "2260"]
[BlackElo "1646"]
[Annotator ""]
[Source ""]
[Remark ""]

1.d4 d5 2.c4 e6 3.Nf3 Nf6 4.g3 Bb4+ 5.Bd2 Be7 6.Bg2 O-O 7.O-O
Nbd7 8.Qc2 c6 9.Bf4 Nh5 10.Bc1 b5 11.b3 bxc4 12.bxc4 Ba6 13.Nbd2
Nhf6 14.Re1 Bb4 15.Rb1 Rb8 16.Qa4 Ba5 17.Ba3 Re8 18.Rec1 Rxb1
19.Rxb1 Nb8 20.e3 Nfd7 21.Qc2 Bc7 22.Rc1 Nb6 23.cxd5 exd5 24.Ne1
Qf6 25.Nd3 Nc4 26.Nxc4 Bxc4 27.Nb2 Bb5 28.Bc5 a5 29.a4 Ba6 30.Ba7
h6 31.Nd3 Qg6 32.Nc5 Qxc2 33.Rxc2 Bc4 34.Bf1 Bxf1 35.Kxf1 Bd6
36.Nb3 Bc7 37.Bxb8 Rxb8 38.Rxc6 Rxb3 39.Rxc7 Rb4 40.Rc5 Rxa4
41.Rxd5 Kf8 42.Rd7 Ra2 43.Ra7 a4 44.g4 a3 45.Kg2 Ra1 46.h4 a2
47.h5 Ke8 48.Kf3 Kd8 49.Kf4 Kc8 50.d5 Kb8 51.Ra3 Kc7 52.Ke5 g6
53.d6+ Kd8 54.hxg6 fxg6 55.Ke6 Kc8 56.Ke7 1-0

[Event "Ch Latvia"]
[Site "Riga (Latvia)"]
[Date "2021.09.18"]
[Round "3.5"]
[White "Dzjuba Vsevolod (LAT)"]
[Black "Levchenkov Vitaly (LAT)"]
[Result "1-0"]
[WhiteElo "2085"]
[BlackElo "2120"]
[Annotator ""]
[Source ""]
[Remark ""]

1.e4 c5 2.Nf3 Nc6 3.d4 cxd4 4.Nxd4 g6 5.Be3 Nf6 6.Nc3 Bg7 7.Bc4
O-O 8.Bb3 d6 9.f3 Bd7 10.h4 Nxd4 11.Bxd4 b5 12.h5 a5 13.hxg6
hxg6 14.Nd5 a4 15.Nxf6+ exf6 16.Bd5 Rc8 17.Qd2 Qc7 18.Bxf6 Be6
19.Qh6 1-0

[Event "Ch Latvia"]
[Site "Riga (Latvia)"]
[Date "2021.09.18"]
[Round "3.6"]
[White "Milovs Daniels (LAT)"]
[Black "Jazdanovs Aleksandrs (LAT)"]
[Result "0-1"]
[WhiteElo "1814"]
[BlackElo "2178"]
[Annotator ""]
[Source ""]
[Remark ""]

1.e4 c5 2.Be2 e5 3.d3 Nc6 4.f4 Nf6 5.Nf3 exf4 6.Bxf4 d5 7.e5
Nh5 8.Bc1 g6 9.O-O Bg7 10.Ng5 Nxe5 11.Bxh5 gxh5 12.h3 h6 13.Nf3
Ng6 14.Re1+ Be6 15.Nc3 O-O 16.Kh1 Qd7 17.d4 Bxh3 18.gxh3 Qxh3+
19.Nh2 Rfe8 20.Nxd5 Rxe1+ 21.Qxe1 Rd8 22.c4 cxd4 23.Bd2 b5 24.b3
bxc4 25.bxc4 Ne5 26.Bxh6 Ng4 27.Bf4 Nxh2 28.Bxh2 Qf3+ 29.Kg1
d3 30.Be5 Re8 31.Qg3 Qxg3+ 32.Bxg3 Bxa1 33.Be5 Bxe5 0-1

[Event "Ch Latvia"]
[Site "Riga (Latvia)"]
[Date "2021.09.18"]
[Round "3.7"]
[White "Alipovs Anatolijs (LAT)"]
[Black "Ungurs Edgars (LAT)"]
[Result "0-1"]
[WhiteElo "1796"]
[BlackElo "2154"]
[Annotator ""]
[Source ""]
[Remark ""]

1.d4 d5 2.Nf3 Nf6 3.Bf4 c5 4.Nc3 cxd4 5.Nxd4 a6 6.e3 Bg4 7.Be2
Bxe2 8.Qxe2 Nbd7 9.Nf3 e6 10.O-O Bb4 11.Nb1 Rc8 12.c3 Be7 13.h3
Qb6 14.Rd1 O-O 15.Qc2 Rfd8 16.Nbd2 Nc5 17.Nd4 h6 18.a4 Bd6 19.a5
Qc7 20.Bxd6 Qxd6 21.N4f3 Qc7 22.Nb3 Nce4 23.Nbd2 Nd6 24.Qa4 Nc4
25.Qb4 Rb8 26.Nxc4 dxc4 27.Rd4 Rxd4 28.Nxd4 b5 29.axb6 Rxb6 30.Qa5
Qb7 31.Ra4 Qb8 32.Rxc4 Rxb2 33.Rb4 Rb1+ 34.Rxb1 Qxb1+ 35.Kh2
Qf1 36.f3 Nd5 37.Qa2 Nxe3 38.Qd2 Nd5 39.Kg3 Qc4 40.Ne2 a5 41.Kf2
a4 42.Qd4 Qxd4+ 43.Nxd4 Nxc3 44.Nc2 Nb1 45.Ke3 a3 46.Kd3 Kh7
47.Na1 Kg6 48.Kc2 a2 49.Kb2 Kf5 50.Kxa2 Nd2 51.Nc2 Kf4 52.Kb2
Kg3 53.Kc3 Nf1 54.Kd3 Kxg2 55.Ke2 Ng3+ 56.Ke3 Nf5+ 57.Kf4 Kxh3
58.Ne1 f6 59.Nd3 g5+ 60.Ke4 Kg3 61.Nc5 Nd6+ 62.Ke3 Nc4+ 63.Ke2
f5 64.Nxe6 f4 65.Ng7 Kg2 66.Nh5 Ne5 67.Nf6 Nxf3 68.Ng4 h5 69.Nf6
h4 70.Ng4 h3 71.Nf2 Nd4+ 72.Ke1 Nc2+ 73.Ke2 f3+ 0-1

[Event "Ch Latvia"]
[Site "Riga (Latvia)"]
[Date "2021.09.18"]
[Round "3.8"]
[White "Bekasovs Rihards (LAT)"]
[Black "Savicevs Arsenijs (LAT)"]
[Result "1-0"]
[WhiteElo "2091"]
[BlackElo "1708"]
[Annotator ""]
[Source ""]
[Remark ""]

1.Nf3 Nf6 2.c4 g6 3.b3 Bg7 4.Bb2 O-O 5.g3 c6 6.Bg2 d5 7.O-O Re8
8.d3 Nbd7 9.cxd5 cxd5 10.Nc3 e5 11.Rc1 a6 12.Nd2 Nf8 13.e4 Bg4
14.Bf3 Bxf3 15.Nxf3 Qd6 16.Qe2 Rad8 17.Rfd1 d4 18.Nb1 Ne6 19.Ba3
Qb8 20.Qd2 Nc7 21.Rc2 Nb5 22.Bb4 Rc8 23.Rdc1 Na7 24.Rxc8 Rxc8
25.Rxc8+ Qxc8 26.Nxe5 Nxe4 27.dxe4 Bxe5 28.Qd3 Nc6 29.Bd2 Qg4
30.f3 Qh5 31.Kg2 Bd6 32.Bc1 Qa5 33.a3 h5 34.Bd2 Qb6 35.f4 h4
36.gxh4 Qd8 37.e5 Be7 38.h5 gxh5 39.Qf3 Qd7 40.Qxh5 Qe6 41.b4
Qb3 42.Qf5 d3 43.Nc3 Qc2 44.Qc8+ Kg7 45.Ne4 Qc4 46.Qf5 Qd5 47.Kh3
Nd4 48.Qg4+ Kf8 49.Qc8+ Kg7 50.Ng3 Nf3 51.Nf5+ Kh7 52.Nxe7 Qe6+
53.Qxe6 fxe6 54.Bc3 d2 55.Bxd2 Nxd2 56.Nc8 b5 57.Nd6 Nb1 58.Nb7
Nxa3 59.Nc5 Kg6 60.Kg4 Nc2 61.Nxa6 Ne3+ 62.Kf3 Nd5 63.Nc5 Kf5
64.Nd3 Ne7 65.h4 Nd5 66.h5 Ne7 67.Ne1 Nd5 68.Ng2 1-0

[Event "Ch Latvia"]
[Site "Riga (Latvia)"]
[Date "2021.09.18"]
[Round "3.9"]
[White "Gobleja Karlis (LAT)"]
[Black "Mierins Emils Janis (LAT)"]
[Result "0-1"]
[WhiteElo "1728"]
[BlackElo "2028"]
[Annotator ""]
[Source ""]
[Remark ""]

1.e4 c5 2.Nf3 e6 3.d4 cxd4 4.Nxd4 a6 5.c4 Qc7 6.Nc3 Nf6 7.a3
b6 8.Be3 Bb7 9.f3 d6 10.Be2 Nbd7 11.Rc1 Be7 12.O-O O-O 13.b4
Rac8 14.g4 Ne5 15.g5 Nfd7 16.Na4 Rfe8 17.f4 Nc6 18.Nf3 Bf8 19.Qd2
Ncb8 20.Bd3 Ba8 21.Qf2 Qb7 22.Nxb6 Nxb6 23.Bxb6 Nd7 24.Be3 a5
25.Rb1 axb4 26.axb4 d5 27.exd5 exd5 28.c5 d4 29.Bxd4 Rcd8 30.h4
Nb8 31.b5 Qxf3 32.Qxf3 Bxf3 33.Rxf3 Rxd4 34.c6 Bc5 35.Kg2 Bb6
36.Ra1 g6 37.Kg3 Red8 38.Bf1 R4d5 39.Rc3 Bd4 40.Rd1 Nxc6 41.Rxc6
Bf2+ 42.Kxf2 Rxd1 43.b6 Rb1 44.Bc4 Rb8 45.Rc7 R1xb6 46.Rxf7 Kh8
47.h5 gxh5 48.Bd5 h6 49.Be4 hxg5 50.fxg5 Kg8 51.Bd5 Rf8 52.Rxf8+
Kxf8 53.Kg3 Rb4 54.Bf3 h4+ 55.Kh3 Rb3 56.Kg4 h3 57.Bd5 h2 0-1

[Event "Ch Latvia"]
[Site "Riga (Latvia)"]
[Date "2021.09.18"]
[Round "3.10"]
[White "Gudovskis Konstantins (LAT)"]
[Black "Sokolovskis Pavels (LAT)"]
[Result "1/2-1/2"]
[WhiteElo "2024"]
[BlackElo "1568"]
[Annotator ""]
[Source ""]
[Remark ""]

1.d4 Nf6 2.c4 e6 3.Nc3 d5 4.Nf3 Nbd7 5.Bg5 Be7 6.e3 c6 7.Qc2
h6 8.Bh4 Nh5 9.Bxe7 Qxe7 10.O-O-O O-O 11.Ne5 Nhf6 12.f4 Nxe5
13.fxe5 Nd7 14.e4 dxc4 15.Bxc4 b5 16.Be2 Bb7 17.Kb1 Nb6 18.Rhe1
Rac8 19.Ka1 a5 20.Bf3 Rfd8 21.Qf2 Nc4 22.Be2 Qb4 23.Bxc4 Qxc4
24.g4 a4 25.Rc1 Qxd4 26.Qg3 a3 27.bxa3 Ra8 28.Red1 Qb6 29.Rxd8+
Rxd8 30.g5 hxg5 31.Qxg5 Qa5 32.Qe7 Ba6 33.Kb2 Rd2+ 34.Rc2 Rxc2+
35.Kxc2 g6 36.h4 Qb6 37.h5 Qf2+ 38.Kb3 Kg7 39.hxg6 Kxg6 40.Qd8
Kh7 41.Qa8 c5 42.Qxa6 c4+ 43.Kb4 Qb2+ 44.Kc5 Qxc3 45.Qxb5 Qxe5+
46.Kxc4 Qxe4+ 47.Kc3 f5 48.a4 Qe3+ 49.Qd3 Qc5+ 50.Qc4 Qb6 51.Qd4
Qc6+ 1/2-1/2

[Event "Ch Latvia"]
[Site "Riga (Latvia)"]
[Date "2021.09.18"]
[Round "3.11"]
[White "Zajakins Artjoms (LAT)"]
[Black "Saveljevs Aleksandrs (LAT)"]
[Result "0-1"]
[WhiteElo "1477"]
[BlackElo "1976"]
[Annotator ""]
[Source ""]
[Remark ""]

1.d4 Nf6 2.c4 c5 3.d5 e6 4.Nc3 exd5 5.cxd5 d6 6.e4 g6 7.Bd3 Bg7
8.Nge2 O-O 9.O-O Re8 10.f3 a6 11.a4 Nbd7 12.a5 Ne5 13.Be3 Bd7
14.Re1 b5 15.axb6 Qxb6 16.Qd2 a5 17.Kh1 Reb8 18.Nd1 Qb4 19.Nec3
Nxd3 20.Qxd3 Bb5 21.Qc2 Nd7 22.Bd2 Bc4 23.Qa4 Ne5 24.Ne3 Qxb2
25.Nxc4 Nxc4 26.Qxc4 Qxd2 27.e5 Rb4 28.Ne4 Qxe1+ 29.Rxe1 Rxc4
30.exd6 Rd8 31.g3 a4 32.Rb1 a3 33.d7 a2 0-1

[Event "Ch Latvia"]
[Site "Riga (Latvia)"]
[Date "2021.09.18"]
[Round "3.12"]
[White "Petrovs Renars (LAT)"]
[Black "Springis Jevgenijs (LAT)"]
[Result "0-1"]
[WhiteElo "1187"]
[BlackElo "1879"]
[Annotator ""]
[Source ""]
[Remark ""]

1.d4 Nf6 2.Bg5 Ne4 3.Be3 d5 4.Nd2 Nd6 5.c3 g6 6.Bf4 Bg7 7.e3
Nc6 8.Ngf3 O-O 9.h4 Bg4 10.Be2 Re8 11.Ne5 Bxe2 12.Qxe2 f6 13.Nd3
Nf7 14.Qg4 e5 15.dxe5 fxe5 16.Bg5 Qd6 17.h5 h6 18.Bh4 g5 19.Bg3
Qe7 20.O-O e4 21.Nc1 Nce5 22.Qh3 Rad8 23.Ne2 c5 24.Nb3 Nd3 25.Rab1
b6 26.Rfd1 Nfe5 27.Nbc1 Qf7 28.Nxd3 Nxd3 29.Nc1 Nxc1 30.Rbxc1
Rd7 31.a3 Red8 32.Rc2 d4 33.Rcd2 Rd5 34.cxd4 cxd4 35.exd4 Bxd4
36.Rxd4 Rxd4 37.Rxd4 Rxd4 38.Qc8+ Kh7 39.Qg4 Qd7 40.Qe2 Qa4 41.Be5
Qd1+ 42.Qxd1 Rxd1+ 43.Kh2 Rd5 44.Bc3 g4 45.Kg3 Rxh5 46.Kxg4 Rg5+
47.Kf4 Rxg2 48.Bd4 h5 49.Kxe4 h4 50.Kf3 Rg5 51.Kf4 h3 52.Kxg5
h2 53.Kf4 h1Q 54.Bc3 Kg6 55.Ke3 Kf5 0-1

[Event "Ch Latvia"]
[Site "Riga (Latvia)"]
[Date "2021.09.18"]
[Round "3.13"]
[White "Katishonok Nikolaj (LAT)"]
[Black "Boreisis Vitauts (LAT)"]
[Result "1/2-1/2"]
[WhiteElo "2123"]
[BlackElo "1930"]
[Annotator ""]
[Source ""]
[Remark ""]

1.c4 c5 2.Nf3 d6 3.d4 cxd4 4.Nxd4 Nf6 5.g3 e6 6.Bg2 Be7 7.O-O
O-O 8.b3 d5 9.cxd5 exd5 10.Bb2 Nc6 11.Nc3 Bc5 12.Na4 Bxd4 13.Bxd4
Nxd4 14.Qxd4 Bg4 15.e3 Qa5 16.h3 Bf5 17.g4 Be4 18.f3 Bg6 19.g5
Nh5 20.Rfd1 Rfd8 21.Kf2 Rac8 22.Rac1 Rxc1 23.Rxc1 b5 24.Rc5 Qa6
25.Nc3 h6 26.gxh6 gxh6 27.Rxb5 Qa3 28.Nxd5 Rc8 29.Kg1 Kh7 30.Kh2
Qxa2 31.Nf4 Nxf4 32.Qxf4 Rc2 33.Qg4 Rc3 34.h4 Rxb3 35.Re5 Qb2
36.f4 Rb5 37.h5 Bb1 38.Qd7 Rxe5 39.Qxf7+ Kh8 40.Qf6+ Kg8 41.fxe5
Be4 42.Qd8+ Kh7 43.Qd7+ Kh8 44.Qc8+ Kh7 1/2-1/2

[Event "Ch Latvia"]
[Site "Riga (Latvia)"]
[Date "2021.09.18"]
[Round "3.14"]
[White "Adamovics Aleksejs (LAT)"]
[Black "Melderis Uldis (LAT)"]
[Result "1-0"]
[WhiteElo "1594"]
[BlackElo "1877"]
[Annotator ""]
[Source ""]
[Remark ""]

1.d4 d5 2.c4 e6 3.Nc3 Nf6 4.Bg5 Be7 5.e3 O-O 6.Nf3 h6 7.Bh4 a6
8.Bd3 dxc4 9.Bxc4 b5 10.Bb3 Bb7 11.O-O Nbd7 12.a3 c5 13.Qe2 b4
14.axb4 cxb4 15.Na4 Rc8 16.Rfc1 Rxc1+ 17.Rxc1 Qa8 18.Ne1 Bd6
19.f3 Qb8 20.h3 e5 21.dxe5 Bxe5 22.Nd3 Bh2+ 23.Kh1 g5 24.Bf2
a5 25.Nac5 Bd6 26.Rc2 Nxc5 27.Nxc5 Bc6 28.Qa6 Qb5 29.Qxb5 Bxb5
30.Nb7 Be5 31.Rc5 Ba6 32.Rxe5 Bxb7 33.Rxa5 Rd8 34.Rb5 Rd2 35.Rxb7
Rxf2 36.Bxf7+ Kf8 37.b3 h5 38.Bc4 Ke8 39.Rxb4 g4 40.Rb6 gxf3
41.gxf3 Rxf3 42.Re6+ Kd7 43.Kg2 Rf5 44.e4 Rg5+ 45.Kf3 Ne8 46.Kf4
Rc5 47.Re5 Rc7 48.Bb5+ 1-0

[Event "Ch Latvia"]
[Site "Riga (Latvia)"]
[Date "2021.09.18"]
[Round "3.15"]
[White "Aleidzans Vadims (LAT)"]
[Black "Alainis Artis (LAT)"]
[Result "0-1"]
[WhiteElo "1433"]
[BlackElo "1841"]
[Annotator ""]
[Source ""]
[Remark ""]

1.e4 c6 2.d4 d5 3.Nd2 dxe4 4.Nxe4 Nf6 5.Nxf6+ exf6 6.Bc4 Bd6
7.Be3 O-O 8.Qd2 Nd7 9.Ne2 Nb6 10.Bd3 Nd5 11.O-O-O a5 12.h4 Nf4
13.a3 Nxd3+ 14.Qxd3 b5 15.g4 b4 16.a4 Ba6 17.Qd2 b3 18.g5 bxc2
19.Rdg1 Bxe2 20.gxf6 Bh5 21.Rxg7+ Kh8 22.Qxc2 Bg6 23.Rxg6 fxg6
24.h5 g5 25.Bxg5 Qc7 26.Qf5 Rf7 27.Bh6 Bf8 28.Bf4 Qd7 29.Qg5
Qxd4 30.Rg1 Bd6 31.Bxd6 Qxd6 0-1

[Event "Ch Latvia"]
[Site "Riga (Latvia)"]
[Date "2021.09.18"]
[Round "3.16"]
[White "Mucenieks Marks (LAT)"]
[Black "Valdats Reinis (LAT)"]
[Result "1-0"]
[WhiteElo "1660"]
[BlackElo "1440"]
[Annotator ""]
[Source ""]
[Remark ""]

1.d4 Nf6 2.c4 e6 3.Nc3 Bb4 4.e3 d5 5.Bd3 O-O 6.a3 Bxc3+ 7.bxc3
c5 8.Nf3 Nc6 9.O-O Re8 10.cxd5 Nxd5 11.c4 Nf6 12.Bb2 b6 13.Qc2
Bb7 14.dxc5 bxc5 15.Bxf6 Qxf6 16.Bxh7+ Kh8 17.Be4 Na5 18.Bxb7
Nxb7 19.Rfd1 Red8 20.h3 Nd6 21.Rab1 e5 22.Rd5 Re8 23.Rbd1 Nf5
24.Qe4 Nh6 25.Rd6 Re6 26.Qxa8+ 1-0

[Event "Ch Latvia"]
[Site "Riga (Latvia)"]
[Date "2021.09.19"]
[Round "4.1"]
[White "Batashevs Arsens (LAT)"]
[Black "Berzinsh Roland (LAT)"]
[Result "0-1"]
[WhiteElo "2167"]
[BlackElo "2364"]
[Annotator ""]
[Source ""]
[Remark ""]

1.Nf3 d5 2.b3 Nf6 3.Bb2 Bf5 4.c4 e6 5.e3 Nbd7 6.Be2 h6 7.Nc3
c6 8.O-O Bd6 9.Nd4 Bh7 10.f4 Nc5 11.d3 a5 12.a3 O-O 13.b4 axb4
14.axb4 Rxa1 15.Bxa1 Ncd7 16.b5 Qc7 17.bxc6 bxc6 18.Qa4 Rc8 19.cxd5
exd5 20.Rf3 Nc5 21.Qd1 Ra8 22.Nc2 Nb3 23.Bb2 Qb6 24.Kh1 Nd2 25.Qxd2
Qxb2 26.Nd1 Qb1 27.Qc3 Ra2 28.Rg3 Bg6 29.Qxc6 Qxc2 30.Qxd6 Qxe2
31.h3 Qxd1+ 32.Kh2 Ra1 33.Rxg6 Qg1+ 0-1

[Event "Ch Latvia"]
[Site "Riga (Latvia)"]
[Date "2021.09.19"]
[Round "4.2"]
[White "Dzjuba Vsevolod (LAT)"]
[Black "Jankovskis Guntis (LAT)"]
[Result "0-1"]
[WhiteElo "2085"]
[BlackElo "2260"]
[Annotator ""]
[Source ""]
[Remark ""]

1.e4 c5 2.Nf3 e6 3.d4 cxd4 4.Nxd4 a6 5.Bd3 Qc7 6.O-O Nf6 7.Qe2
d6 8.c4 Be7 9.Nc3 Nc6 10.Nc2 Ne5 11.f4 Nxd3 12.Qxd3 O-O 13.Kh1
b6 14.b3 Bb7 15.Bb2 Nd7 16.Qg3 Bf6 17.Ne3 Bxe4 18.Ng4 Bxc3 19.Bxc3
f6 20.Rae1 d5 21.Nf2 Qc6 22.Re2 Rf7 23.Nxe4 dxe4 24.Rd1 Nc5 25.Rd4
a5 26.h3 Re8 27.Red2 Nd3 28.Re2 f5 29.Rxd3 exd3 30.Qxd3 Rd7 31.Qg3
Rd1+ 32.Kh2 Re7 33.Qe3 Qd6 34.Be5 Qc5 35.Qxc5 bxc5 36.Bc3 a4
37.bxa4 Rc1 38.Re3 Rc2 39.a3 Rb7 40.a5 Rb3 41.Bd4 Rxe3 42.Bxe3
Rxc4 43.a6 Ra4 44.Bxc5 Rxa6 45.Kg3 Kf7 46.Kf3 Rc6 47.Bd4 Rc2
48.Be5 h6 49.Bd6 g5 50.Bb4 Rb2 51.Bd6 Kg6 52.g4 Rb3+ 53.Kg2 Rd3
54.Bc5 gxf4 55.a4 fxg4 56.hxg4 Kg5 0-1

[Event "Ch Latvia"]
[Site "Riga (Latvia)"]
[Date "2021.09.19"]
[Round "4.3"]
[White "Mierins Eriks (LAT)"]
[Black "Tolmacevs Artjoms (LAT)"]
[Result "1-0"]
[WhiteElo "2191"]
[BlackElo "2090"]
[Annotator ""]
[Source ""]
[Remark ""]

1.e4 c5 2.Nf3 d6 3.d4 cxd4 4.Nxd4 Nf6 5.Nc3 a6 6.Bg5 e6 7.f4
Qb6 8.Qd3 Qxb2 9.Rb1 Qa3 10.Be2 Be7 11.O-O h6 12.Bh4 Nbd7 13.Kh1
Nc5 14.Qf3 Nfxe4 15.Nxe4 Qxf3 16.Bxf3 Bxh4 17.Nxd6+ Ke7 18.Nxb7
Bxb7 19.Bxb7 Nxb7 20.Rxb7+ Kf8 21.Nf3 Be7 22.Rd1 g6 23.Rdd7 Re8
24.Ne5 Rh7 25.g3 Rg7 26.Kg2 g5 27.Kf3 gxf4 28.gxf4 h5 29.c4 f5
30.c5 Rg1 31.c6 Bc5 32.c7 Ba3 33.Rb8 1-0

[Event "Ch Latvia"]
[Site "Riga (Latvia)"]
[Date "2021.09.19"]
[Round "4.4"]
[White "Starostits Ilmars (LAT)"]
[Black "Mierins Emils Janis (LAT)"]
[Result "1-0"]
[WhiteElo "2428"]
[BlackElo "2028"]
[Annotator ""]
[Source ""]
[Remark ""]

1.e4 c5 2.Nc3 e6 3.Nf3 a6 4.g3 Nc6 5.Bg2 Nf6 6.O-O d6 7.d4 cxd4
8.Nxd4 Qc7 9.h3 Bd7 10.g4 Nxd4 11.Qxd4 Bc6 12.g5 Nd7 13.Nd5 Bxd5
14.exd5 e5 15.Qe4 Rc8 16.Be3 Be7 17.c4 O-O 18.Rac1 h6 19.h4 f5
20.gxf6 Rxf6 21.Bh3 Rcf8 22.h5 Nc5 23.Qc2 a5 24.f4 exf4 25.Bd4
R6f7 26.Qg6 Bf6 27.Bxc5 Qxc5+ 28.Kh1 Bxb2 29.Rb1 Rf6 30.Qg2 f3
31.Qxb2 f2 32.Qe2 Rf3 33.Rb3 R3f4 34.Rxb7 Rxc4 35.Qe6+ Kh8 36.Rxg7
Kxg7 37.Qg6+ Kh8 38.Qxh6+ Kg8 39.Be6+ Rf7 40.Qg6+ Kh8 41.Qxf7
Rh4+ 42.Kg2 1-0

[Event "Ch Latvia"]
[Site "Riga (Latvia)"]
[Date "2021.09.19"]
[Round "4.5"]
[White "Kretainis Kristaps (LAT)"]
[Black "Bekasovs Rihards (LAT)"]
[Result "1-0"]
[WhiteElo "2249"]
[BlackElo "2091"]
[Annotator ""]
[Source ""]
[Remark ""]

1.e4 c6 2.d3 d5 3.Nd2 g6 4.Ngf3 Bg7 5.g3 e5 6.Bg2 Ne7 7.O-O O-O
8.Re1 Re8 9.exd5 Nxd5 10.Nc4 f6 11.a4 Nb6 12.Ncd2 c5 13.a5 Nd5
14.Nc4 Nc6 15.c3 Be6 16.Nfd2 Qd7 17.Ne4 Bf8 18.Ne3 Be7 19.Qf3
Kh8 20.Nxd5 Qxd5 21.a6 Rab8 22.axb7 Nd8 23.Rxa7 Rxb7 24.Ra6 Rd7
25.Qe2 Qb3 26.Be3 Qb5 27.Ra8 Kg7 28.Rea1 Rf8 29.R8a5 Qxd3 30.Qxd3
Rxd3 31.Nxc5 Bxc5 32.Bxc5 Rf7 33.Be3 Rfd7 34.Ra7 Nf7 35.Rxd7
Rxd7 36.Bf1 Rb7 37.b4 e4 38.Ra6 Bb3 39.Bd4 Ne5 40.Bxe5 fxe5 41.b5
Bc2 42.b6 Kf6 43.c4 Ke6 44.c5 Kd5 45.Ra7 Rb8 46.Rc7 Bd3 47.b7 1-0